| 000 | 00000nam##2200000za#4500 |
| 001 | 9.661481 |
| 003 | CaOODSP |
| 005 | 20240209132419 |
| 007 | ta |
| 008 | 150407|2001||||xxc||||| f|0| 0 eng|d |
| 020 | |a0-662-64636-3 |
| 040 | |aCaOODSP|beng |
| 041 | |aeng |
| 041 | |afre |
| 043 | |an-cn--- |
| 086 | 1 |aC89-4/27-4-2001 |
| 110 | 2 |aAtlantic Canada Opportunities Agency. |
| 245 | 10|aNon-commercial projects |
| 260 | |aMoncton - New Brunswick : |bAtlantic Canada Opportunities Agency |c2001. |
| 546 | |aBilingual |
| 563 | |aPamphlet |
| 590 | |a01-49|b2001-12-07 |
| 690 | 07|aNon profit organizations|2gcpds |
| 690 | 07|aAtlantic provinces|2gcpds |
| 776 | 0#|tLes projets non commerciaux |w(CaOODSP)9.638199 |
| 776 | 0#|tNon-commercial projects |w(CaOODSP)9.694016 |
| 792 | |tLes projets non commerciaux |efre|w(CaOODSP)9.661482 |